00665 2200241 4500001002100000005001500021035002000036007000300056008004100059020002200100082001200122084001800134100003000152245006000182250001000242300002500252650002900277264003100306336002100337337003000358338002300388990001200411INLIS00000000000059620251009102813 a0010-1025000030ta251009 0 ind  a978-602-17142-2-5 a297.324 a297.324 ACH k0 aAchmad SunartoePengarang1 aKhutbah Jumat :bMembangun Moral Umat /cAchmad Sunarto acet 1 a256 halaman ;c20 cm 4aAgama - Islam -- Ceramah aJakarta :bAl-Falah,c2011 2rdacontentateks 2rdamediaatanpa perantara 2rdacarrieravolume a25.1084